书目信息 |
| 题名: |
整合与超越
|
|
| 作者: | 杨德军 著 | |
| 分册: | ||
| 出版信息: | 北京 首都师范大学出版社 2015.02 |
|
| 页数: | 324页 | |
| 开本: | 24cm | |
| 丛书名: | ||
| 单 册: | ||
| 中图分类: | G632.3 | |
| 科图分类: | ||
| 主题词: | 中小学--课程建设--研究--北京 | |
| 电子资源: | ||
| ISBN: | 978-7-5656-2238-0 | |
| 000 | 00915nam0 2200229 450 | |
| 001 | 0108153906 | |
| 005 | 20210308154402.0 | |
| 010 | @a978-7-5656-2238-0@dCNY48.00 | |
| 100 | @a20150712e20182015em y0chiy50 ea | |
| 101 | 0 | @achi |
| 102 | @aCN@b110000 | |
| 105 | @aa z 000yy | |
| 106 | @ar | |
| 200 | 1 | @a整合与超越@Azheng he yu chao yue@e三级课程整体建设研究的框架、路径与思考@f杨德军等著 |
| 210 | @a北京@c首都师范大学出版社@d2015.02@h2018.06 | |
| 215 | @a324页@c图@d24cm | |
| 330 | @a本书分为理性、整合、学科、实践四部分,包括三级课程整体推进的模式、路径和规律,面向未来:21世纪北京课程,三级课程整合理论与范式,课程整合的边界、课程权力及其协同创新,道器合一指导思想下的传统文化课程建设,校外活动课程化的方法与策略等内容。 | |
| 606 | 0 | @a中小学@x课程建设@x研究@y北京 |
| 690 | @aG632.3@v5 | |
| 701 | 0 | @a杨德军@Ayang de jun@c(教育)@4著 |
| 801 | 0 | @aCN@bBJSZM@c20210308 |
| 905 | @b1271711-5@dG632.3@e1029@f5 | |
| 整合与超越:三级课程整体建设研究的框架、路径与思考/杨德军等著.-北京:首都师范大学出版社,2015.02(2018.06) |
| 324页:图;24cm |
| ISBN 978-7-5656-2238-0:CNY48.00 |
| 本书分为理性、整合、学科、实践四部分,包括三级课程整体推进的模式、路径和规律,面向未来:21世纪北京课程,三级课程整合理论与范式,课程整合的边界、课程权力及其协同创新,道器合一指导思想下的传统文化课程建设,校外活动课程化的方法与策略等内容。 |
| ● |
| 相关链接 |
|
|
|
|
正题名:整合与超越
索取号:G632.3/1029
 
预约/预借
| 序号 | 登录号 | 条形码 | 馆藏地/架位号 | 状态 | 备注 |
| 1 | 1271711 | 212717112 | 第一样本阅览室/ [索取号:G632.3/1029] | 在馆 | |
| 2 | 1271712 | 212717121 | 教育系资料室/ [索取号:G632.3/1029] | 在馆 | |
| 3 | 1271713 | 212717130 | 教育系资料室/ [索取号:G632.3/1029] | 在馆 | |
| 4 | 1271714 | 212717149 | 第四借阅区/ [索取号:G632.3/1029] | 在馆 | |
| 5 | 1271715 | 212717158 | 第四借阅区/ [索取号:G632.3/1029] | 在馆 |